| 000 | 00450nam a2200181Ia 4500 | ||
|---|---|---|---|
| 003 | GCL | ||
| 008 | 140319s9999 xx 000 0 eng d | ||
| 040 |
_aGCL / _cGCL |
||
| 082 | 0 | 4 |
_a616 _bF M |
| 100 | 1 | _aFORD, MICHAEL J. | |
| 245 | 1 | 0 |
_a1200 MCQS IN MEDICINE / _cFORD, MICHAEL J. |
| 260 |
_a[S.N] : _bCHURCHILL LIVINGSTONE ، _c1991 |
||
| 300 | _a185\P | ||
| 650 | 0 | 4 | _aPHYSIOLOGY |
| 650 | 0 | 4 | _aDISEASES |
| 650 | 0 | 4 | _aMEDICINE |
| 942 |
_2ddc _cBK |
||
| 999 |
_c20019 _d20019 |
||